| 000 | 02146cam a22004454a 4500 | ||
|---|---|---|---|
| 999 |
_c234240 _d234240 |
||
| 001 | 13740139 | ||
| 003 | Nust | ||
| 005 | 20170316131911.0 | ||
| 008 | 040930s2005 enka b 001 0 eng | ||
| 010 | _a 2004023190 | ||
| 016 | 7 |
_a101231001 _2DNLM |
|
| 020 | _a1859962041 | ||
| 020 | _a9781859962046 | ||
| 035 | _a(OCoLC)ocm56657318 | ||
| 040 | _cASAB | ||
| 042 | _apcc | ||
| 050 | 0 | 0 |
_aQH442.6 _b.T98 2005 |
| 060 | 0 | 0 | _a2005 B-274 |
| 060 | 1 | 0 |
_aQZ 52 _bT975g 2005 |
| 082 | 0 | 0 |
_a660.6/5 _222 |
| 084 |
_a42.64 _2bcl |
||
| 100 | 1 | _aTwyman, Richard M. | |
| 245 | 1 | 0 |
_aGene transfer to animal cells / _cR.M. Twyman. |
| 260 |
_aAbingdon, Oxon, UK ; _aNew York : _bGarland Science/BIOS Scientific Publishers ; _aIndependence, KY : _bDistributed in the USA by Taylor & Francis, _c2005. |
||
| 300 |
_ax, 249 p. : _bill. ; _c25 cm. |
||
| 440 | 0 | _aAdvanced methods | |
| 504 | _aIncludes bibliographical references and index. | ||
| 505 | 0 | _aBasic principles of gene transfer -- Chemical and physical transfection -- Cell-mediated gene transfer -- Gene transfer using viral vectors -- Gentic manipulation of animals -- Gene targeting in animal cells -- Control of transgene expression -- Transgene behavior -- Additional strategies for gene inactivation -- Applications of gene transfer in animals. | |
| 650 | 0 | _aGenetic engineering. | |
| 650 | 0 | _aTransfection. | |
| 650 | 1 | 2 | _aGene Transfer Techniques. |
| 650 | 2 | 2 | _aAnimals, Genetically Modified. |
| 650 | 2 | 2 | _aGene Targeting. |
| 650 | 2 | 2 | _aGenetic Markers. |
| 650 | 2 | 2 | _aGenetic Vectors. |
| 650 | 2 | 2 | _aTransgenes. |
| 856 | 4 | 1 |
_3Table of contents _uhttp://www.loc.gov/catdir/toc/ecip051/2004023190.html |
| 856 | 4 | 2 |
_3Publisher description _uhttp://www.loc.gov/catdir/enhancements/fy0916/2004023190-d.html |
| 906 |
_a7 _bcbc _corignew _d1 _eecip _f20 _gy-gencatlg |
||
| 942 |
_2ddc _cBK |
||